00379nam a2200109Ia 4500008004100000050002900041100002600070245004700096260008600143300002800229521001200257140724s9999 xx 000 0 und d aTX 911.3.M27b.G144 2011 aGaiser, Emily Dawn T. 2aA taste of heaven /cEmily Dawn T. Gaiser. aLas Piñas, Philippines :bSouthville International School and Colleges,cc2011. a49 p. :bill. ;c28 cm. aTourism